| 000 | 00529nam a2200181 a 4500 | ||
|---|---|---|---|
| 001 | 000006599 | ||
| 005 | 20200929153946.0 | ||
| 008 | 090901s2003 dr 001 spa d | ||
| 040 | _aDO-SdBNP | ||
| 082 |
_axxx _bM671q |
||
| 100 | 1 |
_aMirabal, Yoselman R. _d1969 _91777 |
|
| 245 | 1 | 3 |
_aEl querer que puede / _cYoselman R. Mirabal. |
| 260 |
_aSanto Domingo, : _bProducciones Mirabal, _c2003. |
||
| 300 |
_a55 p. ; _c22 cm. |
||
| 500 | _aIncluye referencias bibliográficas | ||
| 500 | _aIncluye datos biográficos | ||
| 049 | _aBNPD | ||
| 999 |
_c6390 _d6390 |
||